[Event "Foxwoods Open"]
[Site "CT"]
[Date "2003.04.17"]
[Round "1"]
[White "Bartholomew, John"]
[Black "Shabalov, Alexander"]
[Result "1-0"]
[WhiteElo "2280"]
[BlackElo "2676"]
[PlyCount "79"]
[EventDate "2003.??.??"]

1. e4 c5 2. Nf3 Nc6 3. d4 cxd4 4. Nxd4 e5 5. Nb5 d6 6. N1c3 a6 7. Na3 b5 8. Nd5
Nce7 9. c4 Nxd5 10. cxd5 Be7 11. Bd3 Nf6 12. Nc2 Bg4 13. f3 Bd7 14. Be3 O-O 15.
O-O a5 16. b4 Nh5 17. g3 g6 18. Qe2 Bg5 19. Bf2 Rb8 20. Rab1 a4 21. Na3 Qe8 22.
Be3 Bd8 23. Bh6 Ng7 24. f4 Bh3 25. Rfe1 f5 26. exf5 gxf5 27. fxe5 Bg4 28. Qg2
dxe5 29. Be3 Qh5 30. Bc5 Rf7 31. Bxb5 f4 32. Bc4 Bf3 33. Be2 fxg3 34. hxg3 Qg4
35. Nc4 e4 36. Ne5 Qf5 37. Nxf7 Qxf7 38. Bxf3 exf3 39. Qf2 Bg5 40. Rf1 1-0

[Event "Foxwoods Open"]
[Site "CT"]
[Date "2003.04.17"]
[Round "1"]
[White "Foygel, Igor"]
[Black "Chernin, Oliver"]
[Result "1-0"]
[WhiteElo "2538"]
[BlackElo "2221"]
[PlyCount "65"]
[EventDate "2003.??.??"]

1. e4 c5 2. Nf3 d6 3. d4 cxd4 4. Qxd4 a6 5. Be3 Nc6 6. Qb6 Nf6 7. Qxd8+ Nxd8 8.
Nc3 b5 9. a4 b4 10. Nd5 Nxd5 11. exd5 e5 12. Nd2 Bf5 13. Bd3 Bxd3 14. cxd3 Nb7
15. Ke2 Nc5 16. Rhc1 Rd8 17. Rc4 a5 18. Ne4 Nb3 19. Re1 Be7 20. Bb6 Rb8 21. Bc7
Rc8 22. Bxd6 Rxc4 23. dxc4 f5 24. Bxe7 fxe4 25. Bg5 Kd7 26. Kd1 Nc5 27. Be3
Nxa4 28. Kc2 Kd6 29. Ra1 b3+ 30. Kxb3 Nc5+ 31. Bxc5+ Kxc5 32. Rxa5+ Kd4 33. d6
1-0

[Event "Foxwoods Open"]
[Site "CT"]
[Date "2003.04.17"]
[Round "1"]
[White "Kaufman, Lawrence"]
[Black "Wheeler, Jerry T"]
[Result "1-0"]
[WhiteElo "2458"]
[BlackElo "2210"]
[PlyCount "61"]
[EventDate "2003.??.??"]

1. d4 Nf6 2. c4 c5 3. d5 b5 4. Nf3 Bb7 5. b3 e6 6. dxe6 fxe6 7. cxb5 d5 8. e3
Bd6 9. Bb2 O-O 10. Nbd2 Qe7 11. Ne5 Nbd7 12. Nxd7 Nxd7 13. Be2 d4 14. exd4 Bxg2
15. Rg1 Bh3 16. dxc5 Bxc5 17. Bf3 e5 18. Bxa8 Qh4 19. Bd5+ Kh8 20. Rg3 Bxf2+
21. Ke2 Bxg3 22. hxg3 Bg4+ 23. Bf3 Qh2+ 24. Ke3 Bxf3 25. Nxf3 Qxb2 26. Rc1 Nf6
27. Qc2 Qa3 28. Qc5 Qxc5+ 29. Rxc5 h6 30. Rc4 Ng4+ 31. Rxg4 1-0

[Event "Foxwoods Open"]
[Site "CT"]
[Date "2003.04.17"]
[Round "1"]
[White "Ippolito, Dean J"]
[Black "Colure, Thomas S"]
[Result "1-0"]
[WhiteElo "2439"]
[BlackElo "2205"]
[PlyCount "67"]
[EventDate "2003.??.??"]

1. d4 Nf6 2. c4 e6 3. Nc3 c5 4. d5 exd5 5. cxd5 d6 6. e4 g6 7. f4 Bg7 8. Bb5+
Nfd7 9. a4 O-O 10. Nf3 Na6 11. O-O Nb4 12. Re1 a6 13. Bf1 Re8 14. h3 Rb8 15.
Be3 b6 16. Bf2 Bb7 17. Bh4 Bf6 18. Bg3 Qc7 19. e5 Bg7 20. Bc4 h6 21. Ne4 dxe5
22. fxe5 Nxe5 23. Nxe5 Rxe5 24. d6 Qc6 25. Bxe5 Bxe5 26. Qb3 Bd4+ 27. Kh1 Qd7
28. Rad1 Be5 29. Nxc5 bxc5 30. Rxe5 Nc6 31. Rxc5 Ne5 32. Bd5 Qxd6 33. Qe3 Qd8
34. Bf3 1-0

[Event "Foxwoods Open"]
[Site "CT"]
[Date "2003.04.17"]
[Round "1"]
[White "Lipman, Vladimir I"]
[Black "Sarkar, Justin"]
[Result "0-1"]
[WhiteElo "2203"]
[BlackElo "2426"]
[PlyCount "72"]
[EventDate "2003.??.??"]

1. e4 d5 2. exd5 Qxd5 3. Nc3 Qe5+ 4. Nge2 c6 5. d4 Qc7 6. Bf4 Qb6 7. Qd2 Nf6 8.
g3 Bg4 9. Bg2 e6 10. O-O Nbd7 11. Nc1 Be7 12. Nb3 Bf5 13. Rfe1 h6 14. Qe2 O-O
15. Ne4 Nxe4 16. Bxe4 Bxe4 17. Qxe4 a5 18. a4 Bb4 19. Re2 Qa6 20. Rd1 b5 21.
axb5 cxb5 22. Qf3 a4 23. Nc1 Bd6 24. Nd3 b4 25. Ne5 Nxe5 26. dxe5 Bc5 27. Re4
Rfd8 28. Rxd8+ Rxd8 29. Bxh6 gxh6 30. Qh5 Kf8 31. Qxh6+ Ke8 32. Kg2 Rd1 33.
Qh8+ Kd7 34. Qb8 Qf1+ 35. Kf3 Qxf2+ 36. Kg4 Qf5+ 0-1

[Event "Foxwoods Open"]
[Site "CT"]
[Date "2003.04.17"]
[Round "1"]
[White "Winer, Steven"]
[Black "Hanken, Jerome B"]
[Result "1-0"]
[WhiteElo "2367"]
[BlackElo "2200"]
[PlyCount "55"]
[EventDate "2003.??.??"]

1. d4 c5 2. d5 e5 3. e4 d6 4. h3 a6 5. a4 b6 6. Bd3 Be7 7. Nf3 h6 8. Nbd2 Bg5
9. O-O Nf6 10. Ra3 Ra7 11. Re1 Re7 12. Rb3 Bd7 13. Nc4 Bxa4 14. Rxb6 Rd7 15. b4
Bxc1 16. bxc5 dxc5 17. Qxc1 O-O 18. Nfxe5 Re7 19. Rxf6 Rxe5 20. Rxf7 Rxf7 21.
Nxe5 Rf6 22. Qa3 Bb5 23. c4 Be8 24. Qxc5 Nd7 25. Nxd7 Qxd7 26. e5 Rf4 27. e6
Qa4 28. d6 1-0

[Event "Foxwoods Open"]
[Site "CT"]
[Date "2003.04.17"]
[Round "1"]
[White "Hook, William E"]
[Black "Zlotnikov, Mikhail"]
[Result "0-1"]
[WhiteElo "2200"]
[BlackElo "2367"]
[PlyCount "78"]
[EventDate "2003.??.??"]

1. d4 Nf6 2. Nf3 g6 3. c4 Bg7 4. Nc3 O-O 5. e4 d6 6. Be2 Nbd7 7. O-O e5 8. Re1
c6 9. dxe5 dxe5 10. b3 Re8 11. Qc2 Nc5 12. Bb2 Qb6 13. h3 Nh5 14. Bf1 Nf4 15.
Rad1 Be6 16. Ng5 Rad8 17. g3 Nh5 18. Nxe6 Nxe6 19. Na4 Qc7 20. Be2 Nf6 21. Bf1
Nd4 22. Bxd4 exd4 23. Bg2 h5 24. h4 Ng4 25. Nb2 Re7 26. Nd3 Rde8 27. c5 Nf6 28.
Nb2 Qa5 29. Na4 Nd5 30. Qc4 Qb5 31. Rxd4 Bxd4 32. Qxd4 Qb4 33. Qa1 Nc7 34. Rd1
Ne6 35. Qc1 Rd8 36. Rxd8+ Nxd8 37. Qd1 Ne6 38. g4 hxg4 39. Qxg4 Qe1+ 0-1

[Event "Foxwoods Open"]
[Site "CT"]
[Date "2003.04.17"]
[Round "1"]
[White "Karklins, Andrew"]
[Black "Zimbeck, David A"]
[Result "0-1"]
[WhiteElo "2330"]
[BlackElo "2172"]
[PlyCount "118"]
[EventDate "2003.??.??"]

1. e4 d5 2. exd5 Nf6 3. Bb5+ Bd7 4. Qe2 Nxd5 5. d4 e6 6. Nf3 Bd6 7. O-O O-O 8.
Bxd7 Nxd7 9. c4 N5f6 10. Nc3 c6 11. Rd1 Re8 12. Ne5 h6 13. Bf4 Qe7 14. Rd3 Rad8
15. Rad1 Bb8 16. h3 Nxe5 17. dxe5 Nh7 18. Ne4 Nf8 19. Nd6 Bxd6 20. exd6 Qf6 21.
Be5 Qf5 22. Rf3 Qh7 23. Ra3 a6 24. Rg3 Ng6 25. d7 Re7 26. h4 Rexd7 27. Rxd7
Rxd7 28. Bc3 Kf8 29. h5 Nf4 30. Qe5 Qf5 31. Qxf5 Ne2+ 32. Kh2 exf5 33. Bb4+ Kg8
34. Re3 Nf4 35. Re5 Nd3 36. Re8+ Kh7 37. Bc3 Nxf2 38. Kg3 Ne4+ 39. Kf4 Nxc3 40.
bxc3 g6 41. Ke5 Kg7 42. Rb8 Re7+ 43. Kd6 Kf6 44. c5 f4 45. Rh8 Re6+ 46. Kc7
Re7+ 47. Kd6 Re2 48. hxg6 fxg6 49. Rf8+ Kg5 50. Rf7 Rb2 51. Ke5 h5 52. a4 a5
53. Ke4 h4 54. Ke5 Rb3 55. c4 Rb2 56. Ke4 Rb4 57. Kd4 Kg4 58. Rg7 g5 59. Kc3
Rb1 0-1

[Event "Foxwoods Open"]
[Site "CT"]
[Date "2003.04.18"]
[Round "1"]
[White "McHugh, Ted"]
[Black "Amador, Jorge"]
[Result "1-0"]
[WhiteElo "2310"]
[BlackElo "1961"]
[PlyCount "53"]
[EventDate "2003.??.??"]

1. e4 c5 2. c3 Nf6 3. e5 Nd5 4. d4 cxd4 5. Nf3 e6 6. cxd4 b6 7. Bc4 Bb7 8. O-O
Be7 9. Bxd5 Bxd5 10. Nc3 Bb7 11. d5 Bb4 12. Bg5 f6 13. exf6 gxf6 14. Ne5 O-O
15. Bh6 fxe5 16. Qg4+ Kf7 17. Qxb4 Rg8 18. Qe4 exd5 19. Qf5+ Qf6 20. Qxh7+ Rg7
21. Bxg7 Qxg7 22. Qh3 d4 23. Nb5 Bc6 24. Nc7 Na6 25. Nxa6 Rg8 26. f3 e4 27.
fxe4+ 1-0

[Event "Foxwoods Open"]
[Site "CT"]
[Date "2003.04.19"]
[Round "1"]
[White "Smirin, Ilya"]
[Black "Freidel, Josh"]
[Result "1-0"]
[WhiteElo "2802"]
[BlackElo "2366"]
[PlyCount "94"]
[EventDate "2003.??.??"]

1. e4 e5 2. Nf3 Nc6 3. Bb5 a6 4. Ba4 Nf6 5. O-O b5 6. Bb3 Bc5 7. c3 d6 8. d4
Bb6 9. a4 Rb8 10. a5 Ba7 11. h3 O-O 12. Re1 Re8 13. Bg5 h6 14. Bh4 g5 15. Bg3
exd4 16. cxd4 Nxe4 17. Rxe4 Rxe4 18. Qc2 Qe8 19. Bd5 Nb4 20. Qxe4 Qxe4 21. Bxe4
f5 22. Nc3 fxe4 23. Nxe4 Bb7 24. Nxd6 Bxf3 25. gxf3 cxd6 26. Bxd6 Nc6 27. Bxb8
Bxb8 28. d5 Ne5 29. Rc1 Nc4 30. Re1 Ne5 31. Kg2 Kf7 32. Rc1 Nc4 33. Re1 Nxa5
34. Re6 Nc4 35. Rxa6 Bf4 36. Rxh6 Nxb2 37. Rb6 Nd3 38. Rxb5 Bd6 39. f4 Nxf4+
40. Kg3 Nxd5+ 41. Kg4 Nf6+ 42. Kxg5 Ne4+ 43. Kh5 Kf6 44. f3 Nc5 45. Rb6 Ke6 46.
Kg5 Nd7 47. Ra6 47... Nc5 {time} 1-0

[Event "Foxwoods Open"]
[Site "CT"]
[Date "2003.04.19"]
[Round "1"]
[White "Sammour-Hasbun, Jorge"]
[Black "Maldonado, Oscar"]
[Result "1-0"]
[WhiteElo "2576"]
[BlackElo "2280"]
[PlyCount "99"]
[EventDate "2003.??.??"]

1. Nf3 d5 2. d4 c6 3. c4 Nf6 4. Nc3 a6 5. cxd5 cxd5 6. Bf4 Qb6 7. Rc1 Nc6 8.
Na4 Qa5+ 9. Bd2 Qd8 10. Qb3 Na5 11. Qb6 Nc4 12. Qxd8+ Kxd8 13. Rxc4 dxc4 14.
Nb6 Ra7 15. Ng5 Be6 16. Ba5 Ke8 17. Nxe6 fxe6 18. e3 Nd7 19. Bxc4 e5 20. Be6
Nxb6 21. Bxb6 Ra8 22. dxe5 h5 23. Bb3 Rc8 24. e6 Rc6 25. Ba4 Rh6 26. Bxc6+ bxc6
27. Ke2 Rxe6 28. Rc1 Kd7 29. Rd1+ Rd6 30. Bc5 Rxd1 31. Kxd1 g6 32. Kd2 Bg7 33.
b3 Be5 34. f4 Bc7 35. Kd3 e5 36. Ke4 exf4 37. exf4 Ke6 38. g3 Ba5 39. h3 Bc3
40. g4 hxg4 41. hxg4 Kd7 42. Bd4 Bb4 43. f5 gxf5+ 44. Kxf5 a5 45. g5 a4 46. g6
Bf8 47. b4 a3 48. g7 Bxg7 49. Bxg7 Kd6 50. Ke4 1-0

[Event "Foxwoods Open"]
[Site "CT"]
[Date "2003.04.18"]
[Round "2"]
[White "Kaidanov, Gregory"]
[Black "Winer, Alex"]
[Result "1/2-1/2"]
[WhiteElo "2743"]
[BlackElo "2367"]
[PlyCount "103"]
[EventDate "2003.??.??"]

1. Nf3 d5 2. d4 Nf6 3. c4 c6 4. Nc3 a6 5. Bg5 Ne4 6. h4 Nxc3 7. bxc3 dxc4 8. e4
b5 9. g3 Nd7 10. Bg2 f6 11. Be3 e6 12. e5 Be7 13. exf6 gxf6 14. Nd2 Qc7 15.
Qh5+ Kd8 16. Ne4 Nb6 17. Bf4 Qd7 18. Nc5 Bxc5 19. dxc5 Nd5 20. Bd6 Ra7 21. O-O
Qf7 22. Qd1 Rg8 23. a4 Rd7 24. axb5 axb5 25. Qd4 Bb7 26. Ra7 Qg6 27. Bxd5 exd5
28. Re1 Re8 29. Rea1 Bc8 30. Ra8 Rb7 31. Qd2 Kd7 32. Kh2 Qf5 33. Kg1 Ke6 34.
Re1+ Kf7 35. Rxe8 Kxe8 36. Qh6 Rf7 37. Qe3+ Kd8 38. Qe1 Rb7 39. Qa1 Ke8 40.
Qe1+ Kf7 41. Qe3 Qe6 42. Qh6 Qe1+ 43. Kg2 Bh3+ 44. Kxh3 Qh1+ 45. Kg4 Qe4+ 46.
Kh3 Qh1+ 47. Kg4 Qe4+ 48. Bf4 Qe6+ 49. Kf3 Qe4+ 50. Kg4 Qe6+ 51. Kf3 Qe4+ 52.
Kg4 1/2-1/2

[Event "Foxwoods Open"]
[Site "CT"]
[Date "2003.04.18"]
[Round "2"]
[White "Zlotnikov, Mikhail"]
[Black "Ehlvest, Jaan"]
[Result "0-1"]
[WhiteElo "2367"]
[BlackElo "2705"]
[PlyCount "66"]
[EventDate "2003.??.??"]

1. c4 e6 2. Nf3 d5 3. b3 c5 4. g3 Nc6 5. cxd5 exd5 6. Bg2 Nf6 7. O-O d4 8. e3
Be7 9. Bb2 O-O 10. exd4 cxd4 11. h3 Bf5 12. Na3 Qd7 13. Kh2 Ne4 14. Rc1 Rfe8
15. Nb5 Bf6 16. d3 Nd6 17. Nbxd4 Nb4 18. Nxf5 Bxb2 19. Nxd6 Qxd6 20. Rc4 b5 21.
Rg4 Rad8 22. d4 Nd5 23. Qd3 a6 24. Ng5 Nf6 25. Rh4 h6 26. Nf3 g5 27. Rxh6 Ng4+
28. hxg4 Qxh6+ 29. Kg1 Qf6 30. Rd1 Bxd4 31. Nxd4 Rd6 32. Bf3 Red8 33. Qe3 Rxd4
0-1

[Event "Foxwoods Open"]
[Site "CT"]
[Date "2003.04.18"]
[Round "2"]
[White "Stripunsky, Alexa"]
[Black "Vigorito ** USCF EXPIRED!"]
[Result "1-0"]
[WhiteElo "2643"]
[BlackElo "2361"]
[PlyCount "61"]
[EventDate "2003.??.??"]

1. e4 c5 2. Nc3 Nc6 3. Bb5 Nd4 4. Bc4 g6 5. Nf3 Bg7 6. Nxd4 cxd4 7. Qf3 Nh6 8.
d3 O-O 9. Ne2 Ng4 10. Bb3 d6 11. Qg3 a5 12. a4 Qb6 13. h4 h5 14. f3 Ne5 15. Nf4
e6 16. O-O Bd7 17. Qh3 Kh7 18. g4 hxg4 19. fxg4 Rh8 20. Rf2 Rae8 21. Bd2 d5 22.
exd5 exd5 23. Nxd5 Qc6 24. Raf1 Bxg4 25. Qg3 f5 26. h5 gxh5 27. Rxf5 Re6 28.
Rg5 Rhe8 29. Nf4 Rf6 30. Rxg7+ Kxg7 31. Nxh5+ 1-0

[Event "Foxwoods Open"]
[Site "CT"]
[Date "2003.04.18"]
[Round "2"]
[White "Wojtkiewicz, Alek"]
[Black "Shevelev, Dmitri"]
[Result "1-0"]
[WhiteElo "2617"]
[BlackElo "2349"]
[PlyCount "63"]
[EventDate "2003.??.??"]

1. Nf3 g6 2. d4 Bg7 3. c4 d6 4. Nc3 Bg4 5. e3 Nc6 6. Be2 e5 7. d5 Nce7 8. e4
Bxf3 9. Bxf3 f5 10. h4 Bh6 11. h5 Kf8 12. hxg6 hxg6 13. g4 Bxc1 14. Rxh8 Bxb2
15. Kd2 Bxa1 16. Qxa1 Nc8 17. gxf5 Qg5+ 18. Ke2 Nce7 19. f6 Qxf6 20. Qh1 Qf4
21. Nb5 Rc8 22. Rh4 Qf6 23. Bg4 c6 24. Bxc8 cxb5 25. Be6 Nc6 26. dxc6 Qxe6 27.
cxb7 Qxc4+ 28. Kf3 Qf7+ 29. Kg3 Qxb7 30. Rh7 Ne7 31. Qf3+ Nf5+ 32. Qxf5+ 1-0

[Event "Foxwoods Open"]
[Site "CT"]
[Date "2003.04.18"]
[Round "2"]
[White "Perelshteyn, Eugene"]
[Black "Mchugh, Edward F"]
[Result "1/2-1/2"]
[WhiteElo "2509"]
[BlackElo "2310"]
[PlyCount "57"]
[EventDate "2003.??.??"]

1. e4 c5 2. Nf3 e6 3. d4 cxd4 4. Nxd4 a6 5. Nc3 b5 6. Bd3 Qb6 7. Nb3 Qc7 8. O-O
Bb7 9. Qe2 Nf6 10. f4 b4 11. Nd1 d6 12. Nf2 Nc6 13. Be3 Be7 14. Rac1 O-O 15. c3
bxc3 16. Rxc3 Qb8 17. Rfc1 Rc8 18. a3 e5 19. Bc4 exf4 20. Bxf4 a5 21. Nc5 Ne5
22. Bxe5 dxe5 23. Nxb7 Qxb7 24. Qc2 Rd8 25. Ba2 Rd7 26. h3 Rad8 27. Rc8 h5 28.
Qc4 Kh7 29. Rc2 1/2-1/2

[Event "Foxwoods Open"]
[Site "CT"]
[Date "2003.04.18"]
[Round "2"]
[White "Sarkar, Juston"]
[Black "Bartholomew, John"]
[Result "0-1"]
[WhiteElo "2426"]
[BlackElo "2280"]
[PlyCount "80"]
[EventDate "2003.??.??"]

1. c4 e5 2. Nc3 Nc6 3. g3 g6 4. Bg2 Bg7 5. Rb1 f5 6. d3 d6 7. e3 Nf6 8. Nge2
O-O 9. b4 a6 10. O-O h6 11. a4 g5 12. b5 axb5 13. axb5 Ne7 14. f4 Ng6 15. Qb3
Kh7 16. Bd2 Rb8 17. Nd5 Be6 18. e4 gxf4 19. gxf4 Nh4 20. fxe5 dxe5 21. Bh3 Nxd5
22. cxd5 Bc8 23. b6 f4 24. bxc7 Qxc7 25. Bxc8 Qxc8 26. Kh1 Rf6 27. Be1 Rg6 28.
Bxh4 Qh3 29. Rf2 Qxh4 30. Rbf1 Rg8 31. Qxb7 Kh8 32. Ng1 Bf6 33. Nf3 Qh3 34. Qf7
Bh4 35. Nxh4 Qxh4 36. Qa7 Qh3 37. Qa1 Rg5 38. Qb2 Qxd3 39. Rxf4 Qe3 40. R4f3
Rg1+ 0-1

[Event "Foxwoods Open"]
[Site "CT"]
[Date "2003.04.18"]
[Round "2"]
[White "Muhammad, Stephen"]
[Black "Weeramantry, Sunil"]
[Result "1-0"]
[WhiteElo "2445"]
[BlackElo "2217"]
[PlyCount "63"]
[EventDate "2003.??.??"]

1. d4 Nf6 2. c4 g6 3. Nc3 Bg7 4. e4 d6 5. f3 O-O 6. Bg5 h6 7. Be3 e5 8. d5 Nh5
9. Qd2 Qh4+ 10. g3 Nxg3 11. Qf2 Nxf1 12. Qxh4 Nxe3 13. Qf2 Nxc4 14. Nb5 Na6 15.
Rc1 c6 16. Nc7 Nxc7 17. Rxc4 f5 18. Qg3 fxe4 19. fxe4 Rf7 20. Qxg6 Rf6 21. Qg3
Bd7 22. Ne2 Raf8 23. Rg1 R8f7 24. Qb3 b5 25. Rxc6 Bxc6 26. dxc6 Kh7 27. Ng3 Rf3
28. Qd1 d5 29. exd5 Bf8 30. d6 Ne6 31. Qc2+ Kh8 32. Kd1 1-0

[Event "Foxwoods Open"]
[Site "CT"]
[Date "2003.04.18"]
[Round "2"]
[White "Garces, Diego F"]
[Black "Gershov, Yevgeniy"]
[Result "0-1"]
[WhiteElo "2154"]
[BlackElo "2357"]
[PlyCount "60"]
[EventDate "2003.??.??"]

1. e4 c5 2. Nc3 Nc6 3. f4 d6 4. Bc4 e6 5. Nf3 a6 6. a4 Nf6 7. d3 d5 8. exd5
exd5 9. Ba2 Be7 10. O-O O-O 11. Ne5 Qd6 12. Nxc6 Qxc6 13. f5 b5 14. Bg5 Bb7 15.
Qf3 c4 16. Rae1 Rfe8 17. Kh1 Bb4 18. Rxe8+ Rxe8 19. axb5 axb5 20. Ne2 Qa6 21.
Bxf6 Qxf6 22. dxc4 Qxb2 23. f6 g6 24. Nc1 Bd2 25. Nb3 Bg5 26. Nc5 Ba8 27. Qb3
Qxb3 28. cxb3 Re2 29. Bb1 dxc4 30. Rd1 Bxg2+ 0-1

[Event "Foxwoods Open"]
[Site "CT"]
[Date "2003.04.18"]
[Round "2"]
[White "Song, Paul H"]
[Black "Belorusov, Mikhail"]
[Result "1/2-1/2"]
[WhiteElo "2128"]
[BlackElo "2349"]
[PlyCount "72"]
[EventDate "2003.??.??"]

1. d4 b6 2. Nf3 Bb7 3. g3 Bxf3 4. exf3 e6 5. Bd3 c5 6. dxc5 Bxc5 7. O-O Nc6 8.
c3 Qf6 9. Re1 Nge7 10. Be4 d5 11. Bc2 Rd8 12. Kg2 d4 13. Qe2 O-O 14. h4 h6 15.
Qe4 Qf5 16. b4 Bd6 17. b5 Na5 18. Qxf5 Nxf5 19. Bxf5 exf5 20. cxd4 Bb4 21. Rd1
Rd5 22. a3 Bc5 23. Be3 Be7 24. Nc3 Rd7 25. a4 Rc8 26. Ne2 Rc2 27. Kf1 g5 28.
hxg5 hxg5 29. d5 Rc4 30. Rd3 Bf6 31. Ra2 Kh7 32. Bd2 Nb7 33. Be3 Kg6 34. Ke1
Nc5 35. Bxc5 Rxc5 36. Rad2 Rc4 1/2-1/2

[Event "Foxwoods Open"]
[Site "CT"]
[Date "2003.04.18"]
[Round "2"]
[White "Shibut, Macon A"]
[Black "Enkin, Max"]
[Result "1-0"]
[WhiteElo "2322"]
[BlackElo "2054"]
[PlyCount "61"]
[EventDate "2003.??.??"]

1. e4 Nf6 2. Nc3 d5 3. d4 dxe4 4. f3 e3 5. Bxe3 Bf5 6. Bc4 c6 7. Nge2 e6 8. Nf4
Bd6 9. Qd2 h6 10. O-O-O Nbd7 11. g4 Nb6 12. Bb3 Bh7 13. Rhe1 Bxf4 14. Bxf4 Qd7
15. Bg3 Nbd5 16. Ne4 Nxe4 17. fxe4 Nf6 18. Qf4 O-O 19. h4 a5 20. a3 a4 21. Ba2
b5 22. Qf3 b4 23. g5 Ne8 24. gxh6 g6 25. axb4 Qe7 26. d5 exd5 27. exd5 Qxb4 28.
dxc6 a3 29. bxa3 Rxa3 30. Bxf7+ Rxf7 31. Rxe8+ 1-0

[Event "Foxwoods Open"]
[Site "CT"]
[Date "2003.04.18"]
[Round "2"]
[White "Wheeler, Jerry T"]
[Black "Karklins, Andrew"]
[Result "0-1"]
[WhiteElo "2210"]
[BlackElo "2330"]
[PlyCount "70"]
[EventDate "2003.??.??"]

1. Nf3 Nf6 2. d4 d6 3. Bf4 Nbd7 4. e3 c6 5. Be2 Qb6 6. Qc1 Nh5 7. Bg5 h6 8. Bh4
g5 9. Bg3 Bg7 10. Nbd2 Qc7 11. Qd1 O-O 12. c3 Ndf6 13. Qc2 Ng4 14. Nf1 f5 15.
Qb3+ Kh8 16. h4 f4 17. hxg5 fxg3 18. Rxh5 gxf2+ 19. Kd1 d5 20. Nh4 Qd6 21. Qc2
Kg8 22. Bd3 e5 23. Bh7+ Kf7 24. Nf5 Qe6 25. Nxg7 Kxg7 26. dxe5 Nxe5 27. Bd3 Qe7
28. Ng3 Ng4 29. gxh6+ Kh8 30. e4 Qf7 31. Rf5 Bxf5 32. Nxf5 dxe4 33. Bxe4 Rad8+
34. Ke2 Qc4+ 35. Kf3 f1=Q+ 0-1

[Event "Foxwoods Open"]
[Site "CT"]
[Date "2003.04.18"]
[Round "2"]
[White "Fernandez, Daniel"]
[Black "Hook, William E"]
[Result "1-0"]
[WhiteElo "2312"]
[BlackElo "2200"]
[PlyCount "61"]
[EventDate "2003.??.??"]

1. e4 e6 2. d3 d5 3. Nd2 Nf6 4. Ngf3 b6 5. g3 dxe4 6. dxe4 Bb7 7. Qe2 Na6 8. e5
Nd7 9. a3 g6 10. Bg2 Bg7 11. O-O O-O 12. Ne4 Qc8 13. Bg5 h6 14. Be7 Re8 15.
Nf6+ Nxf6 16. exf6 Bf8 17. Bxf8 Rxf8 18. Qe3 Kh7 19. Ne5 Bxg2 20. Ng4 g5 21.
Qd3+ Kh8 22. Kxg2 Qb7+ 23. f3 Nc5 24. Qe3 Qd5 25. Nxh6 Nd7 26. h4 Nxf6 27. hxg5
Nh7 28. Qc3+ f6 29. g6 Qg5 30. Nf7+ Rxf7 31. gxf7 1-0

[Event "Foxwoods Open"]
[Site "CT"]
[Date "2003.04.19"]
[Round "2"]
[White "Hess, Robert"]
[Black "Benen, Samson"]
[Result "0-1"]
[WhiteElo "2095"]
[BlackElo "2273"]
[PlyCount "60"]
[EventDate "2003.??.??"]

1. e4 e5 2. Nc3 Nf6 3. Bc4 Nc6 4. d3 Bb4 5. Bd2 O-O 6. Nge2 Na5 7. O-O Nxc4 8.
dxc4 d6 9. Bg5 c6 10. a3 Ba5 11. h3 h6 12. Bh4 g5 13. Bg3 Qe7 14. Qd3 Nh5 15.
Rad1 Bc7 16. f3 Be6 17. Bf2 Nf4 18. Nxf4 gxf4 19. b4 Rad8 20. Na4 Kh8 21. Kh2
f5 22. c5 Rg8 23. cxd6 Rxd6 24. Qe2 Qg7 25. Rg1 Bc4 26. Qe1 Rg6 27. g4 fxg3+
28. Bxg3 f4 29. Bh4 Rg2+ 30. Kh1 Be2 0-1

[Event "Foxwoods Open"]
[Site "CT"]
[Date "2003.04.20"]
[Round "2"]
[White "Dimitrijevic, Darko"]
[Black "Strenzwilk, Denis"]
[Result "0-1"]
[WhiteElo "2279"]
[BlackElo "2200"]
[PlyCount "66"]
[EventDate "2003.??.??"]

1. c4 d6 2. d4 e5 3. Nf3 e4 4. Nfd2 f5 5. e3 Nf6 6. Nc3 Be7 7. b4 O-O 8. Nb3
Qe8 9. g3 c6 10. f4 Na6 11. a3 Nc7 12. Ra2 Bd7 13. d5 cxd5 14. cxd5 Rc8 15. Rd2
Na8 16. Bb2 Nb6 17. Na5 Rc7 18. b5 Qf7 19. Be2 Rfc8 20. Qb3 Qg6 21. O-O h5 22.
Kh1 Qf7 23. Rfd1 Be8 24. Na4 Nxa4 25. Qxa4 Ng4 26. Bxg4 hxg4 27. Qd4 Bxb5 28.
Qxa7 Ba4 29. Rg1 Qe8 30. Qb6 Rc5 31. Nxb7 Rb8 32. Nxd6 Rxb6 33. Nxe8 Bxe8 0-1

[Event "Foxwoods Open"]
[Site "CT"]
[Date "2003.04.18"]
[Round "3"]
[White "Ivanov, Alexander"]
[Black "Bartholomew, John"]
[Result "1/2-1/2"]
[WhiteElo "2615"]
[BlackElo "2280"]
[PlyCount "62"]
[EventDate "2003.??.??"]

1. e4 d5 2. exd5 Qxd5 3. Nc3 Qa5 4. d4 Nf6 5. Nf3 Bf5 6. Ne5 c6 7. Nc4 Qd8 8.
Be2 e6 9. g4 Bg6 10. h4 Bb4 11. h5 Be4 12. f3 Bd5 13. Ne3 h6 14. Kf2 Nbd7 15.
Bd3 Be7 16. b3 Qc7 17. Ne2 c5 18. Nxd5 Nxd5 19. c4 N5f6 20. Bf4 Bd6 21. Bxd6
Qxd6 22. Bc2 O-O-O 23. dxc5 Qxc5+ 24. Qd4 Qa5 25. Qc3 Qc7 26. Rad1 Ne5 27. Kg2
g6 28. Qe3 Nc6 29. Rxd8+ Rxd8 30. Rd1 Rxd1 31. Bxd1 Qd6 1/2-1/2

[Event "Foxwoods Open"]
[Site "CT"]
[Date "2003.04.18"]
[Round "3"]
[White "Winer, Steven"]
[Black "Coleman, Teddy"]
[Result "1-0"]
[WhiteElo "2367"]
[BlackElo "2103"]
[PlyCount "81"]
[EventDate "2003.??.??"]

1. d4 Nf6 2. c4 e6 3. Nc3 Bb4 4. e3 b6 5. Nge2 Ne4 6. Bd2 Bxc3 7. Nxc3 Bb7 8.
Qg4 O-O 9. Nxe4 f5 10. Qg5 Bxe4 11. Qxd8 Rxd8 12. f3 Bb7 13. Rc1 c5 14. Bd3 d6
15. Ke2 Nc6 16. Bc3 g6 17. Rhd1 Kf7 18. b3 e5 19. d5 Ne7 20. a3 Re8 21. Rf1 a5
22. e4 f4 23. Rc2 Bc8 24. b4 axb4 25. axb4 Bd7 26. Rb1 Reb8 27. Rcb2 Ra3 28.
Bxe5 dxe5 29. bxc5 Ra5 30. Rxb6 Rc8 31. Rb7 Ra2+ 32. Kf1 Rd8 33. Be2 Ke8 34.
Ke1 Rc2 35. c6 Bc8 36. Ra1 g5 37. Raa7 Ng6 38. Rxh7 Rc1+ 39. Kf2 Rc2 40. Rag7
Rd6 41. Rh6 1-0

[Event "Foxwoods Open"]
[Site "CT"]
[Date "2003.04.18"]
[Round "3"]
[White "Bennett, Allan D"]
[Black "Pixton, Aaron C"]
[Result "0-1"]
[WhiteElo "2263"]
[BlackElo "2463"]
[PlyCount "46"]
[EventDate "2003.??.??"]

1. e4 c5 2. Nc3 Nc6 3. g3 g6 4. Bg2 Bg7 5. d3 Nf6 6. f4 d6 7. Nf3 O-O 8. O-O
Rb8 9. h3 b5 10. g4 b4 11. Ne2 Bb7 12. f5 Nd7 13. Nf4 Nde5 14. Ng5 h6 15. Nf3
g5 16. Nh5 Nxf3+ 17. Bxf3 Bd4+ 18. Kh1 f6 19. Qd2 Be5 20. Bg2 a5 21. a4 Ba6 22.
c3 bxc3 23. bxc3 Rb3 0-1

[Event "Foxwoods Open"]
[Site "CT"]
[Date "2003.04.18"]
[Round "3"]
[White "Kaufman, Lawrence"]
[Black "Riordan, Charles"]
[Result "1-0"]
[WhiteElo "2458"]
[BlackElo "2228"]
[PlyCount "83"]
[EventDate "2003.??.??"]

1. d4 Nf6 2. c4 e6 3. Nf3 b6 4. g3 Ba6 5. Qa4 Bb7 6. Bg2 c5 7. dxc5 Bxc5 8. O-O
O-O 9. Nc3 a6 10. Bf4 Be7 11. Rfd1 d6 12. Rd2 Qc7 13. Rad1 Rd8 14. Ne1 Bxg2 15.
Nxg2 Nc6 16. Ne3 h6 17. g4 Kh8 18. h3 Na5 19. Rd3 Rac8 20. b3 Qb8 21. Qa3 Nb7
22. R3d2 Qa8 23. Qb2 Rd7 24. b4 Rcd8 25. a3 Qa7 26. Bg3 Kg8 27. Nc2 Rc8 28. Qb3
Rdc7 29. Ne3 b5 30. c5 Rc6 31. a4 bxa4 32. Qxa4 dxc5 33. b5 Rb8 34. Nc4 a5 35.
e4 Kh7 36. Qc2 Kg8 37. e5 Nd5 38. Nxd5 exd5 39. Nb6 Qxb6 40. Rxd5 Qxb5 41. Rd7
Re8 42. Qe4 1-0

[Event "Foxwoods Open"]
[Site "CT"]
[Date "2003.04.18"]
[Round "3"]
[White "Friedman, Josef I"]
[Black "Sarkar, Justin"]
[Result "1/2-1/2"]
[WhiteElo "2251"]
[BlackElo "2426"]
[PlyCount "120"]
[EventDate "2003.??.??"]

1. d4 Nf6 2. c4 e6 3. Nf3 d5 4. Nc3 Bb4 5. e3 O-O 6. cxd5 exd5 7. Be2 c6 8. O-O
Bg4 9. h3 Bh5 10. Qb3 Qe7 11. Bd2 Bd6 12. Rfe1 Qc7 13. Nh4 Bxe2 14. Rxe2 Re8
15. Rc1 Qb6 16. Qd1 Nbd7 17. Be1 g6 18. Nf3 Rad8 19. Rec2 Ne4 20. Nxe4 Rxe4 21.
Nd2 Re7 22. Nb3 Rde8 23. Qd3 Qd8 24. Nc5 Nxc5 25. dxc5 Bb8 26. Bc3 Qc7 27. g3
Re4 28. Bd4 h5 29. h4 Rg4 30. Qd1 Qe7 31. Kh1 g5 32. Qf3 Be5 33. Bxe5 Qxe5 34.
hxg5 Qxg5 35. Rg1 Re6 36. Qf4 Qg6 37. Rd2 Rxf4 38. gxf4 Kg7 39. Rd3 Kf6 40.
Rxg6+ fxg6 41. Kg2 Kf5 42. Kf3 Re4 43. Rb3 Re7 44. Rd3 Rh7 45. Rd1 h4 46. Rg1
h3 47. Rg5+ Kf6 48. Rg1 b6 49. cxb6 axb6 50. Kg3 c5 51. Kh2 d4 52. exd4 cxd4
53. Rd1 Rd7 54. Kxh3 Kf5 55. f3 Kxf4 56. Rd3 Rh7+ 57. Kg2 Ke5 58. Rb3 Rd7 59.
Kf2 Rd6 60. Ke2 Kf4 1/2-1/2